Uusi Päivä hahmot - Statistics

Yleistilastot
  • Tätä visaa on pelattu 63 kertaa
  • Keskiarvotulos 20 / 31
Vastaustilastot
Kuvavisa Vastaus % Oikein
Otso Karhu
93%
Vilma Haavisto
93%
Elina Haavisto
88%
Väinö Haavisto
88%
Krista Kortelainen
86%
Osku Haavisto
86%
Tuija Haavisto
86%
Roni Siren
84%
Tomi Karhu
84%
Tero Kuusla
81%
Jukka Hiltunen
77%
Lauri Kallio
75%
Pentti Ruuskanen
75%
Saku Rainio
74%
Iris Rainio
70%
Anni Malinen
68%
Stella Kuparinen
68%
Aava Helminen
67%
Veeti Susimaa
65%
Sonja Ollila
63%
Rasmus Nikko
58%
Irmeli Laakso
46%
Masa
40%
Veikko Honkala
39%
Azad Sorani
37%
Leila Malinen
37%
Mirkku Virkkunen
35%
Kaisu Mäntylä
30%
Terhi Sillanpää
30%
Topi Kunnas
26%
Teemu Laitinen
2%
Ehtoja vastaavia visoja ei löytynyt
Tulosjakauma
Jokaisen tuloksen saaneiden osuus
Persentiili vastausten määrän mukaan
Tuloshistoriasi
Et ole pelannut tätä visaa